| 000 | 01131naa a22003017a 4500 | ||
|---|---|---|---|
| 001 | BR7902682 | ||
| 003 | BR-BrBNA | ||
| 005 | 20240918174348.0 | ||
| 007 | ta | ||
| 008 | 230509b bl.||||| |||| 00| 0 por d | ||
| 040 |
_aBR-BrBNA _bpor _cBiblioteca Nacional de Agricultura |
||
| 041 | _a(Pt) | ||
| 072 |
_aH20 _b1143 _bG514 |
||
| 090 | _aH20 BR7902682 | ||
| 100 | 1 | _aMatta, E.A.F. da | |
| 111 | 1 |
_a2. Encontro Agronomico do Medio Sao Francisco _cJuazeiro, BA (Brazil) _d12 Oct 1976 |
|
| 245 | 1 | _aInfluencia da temperatura no desenvolvimento da fusariose do maracujazeiro (Passiflora edulis f. flavicarpa)no Estado da Bahia [Brasil] | |
| 260 | 3 |
_aJuazeiro, BA (Brasil): _c1978. |
|
| 500 | _aAnais do 2. Encontro Agronomico do Medio Sao Francisco Juazeiro, BA (Brasil): 1978. p. 38-42 (BR7902682-AM)H20 | ||
| 650 | _aDoenca de planta | ||
| 650 | _aMaracuja | ||
| 650 | _aFusariose | ||
| 650 | _aTemperatura | ||
| 650 | _aBahia | ||
| 773 | 0 |
_tAnais do 2. Encontro Agronomico do Medio Sao Francisco _wH20 BR7902682 _gJuazeiro, BA (Brasil), 1978. p. 38-42 |
|
| 909 |
_a202404 _bLucia _c55 _dLucia Elande |
||
| 942 |
_cAM _2AGRIS |
||
| 999 |
_c310739 _d310739 |
||